| 000 | 00676nam a22001817a 4500 | ||
|---|---|---|---|
| 005 | 20121205113659.0 | ||
| 008 | 121205t xxu||||| |||| 00| 0 eng d | ||
| 080 |
_a519.214 _bFIS |
||
| 100 |
_aFischer, Hans _922301 |
||
| 245 |
_aHistory of the central limit theorem _bfrom classical to modern probability theory |
||
| 300 | _axvi, 402p. | ||
| 490 | _aSources and studies in the history of Mathematics and Physical Science | ||
| 653 | _aProbability - Central limit theorem (CLT) | ||
| 942 | _cBK | ||
| 260 |
_aNew York _bSpringer Science _c2011 _922302 |
||
| 020 | _a9780387878560 | ||
| 952 |
_70 _p00067880 _40 _00 _2udc _bUL _yBK _10 _o519.214 FIS _d2012-12-05 _aUL |
||
| 999 |
_c76555 _d76554 |
||